000 01254cam a2200193 4500500
005 20260222003248.0
041 _afre
042 _adc
100 1 0 _aBrami, Gérard
_eauthor
245 0 0 _aLes paradoxes de l'évolution des ehpad
260 _c2013.
500 _a28
520 _aDe décennie en décennie, de loi en loi, de réforme en réforme, les ehpad ont connu des évolutions particulièrement importantes, les faisant passer du concept d’« hospices », particulièrement péjoratif, à celui de véritables établissements d’hébergement médicalisés.L’introduction d’une démarche de qualité, accompagnée de son concert d’exigences et de recommandations, a « sorti » ces établissements du monde « clos » dans lequel ils vivaient. Mais des réformes s’imposent toujours pour développer, plus encore, une médicalisation de leur fonctionnement qui apparaît aujourd’hui essentielle aux besoins d’accompagnement de personnes hébergées aux déficiences nombreuses.
690 _acontrat
690 _amédicalisation
690 _aqualité
786 0 _nEmpan | 91 | 3 | 2013-09-01 | p. 56-61 | 1152-3336
856 4 1 _uhttps://shs.cairn.info/revue-empan-2013-3-page-56?lang=fr&redirect-ssocas=7080
999 _c1667336
_d1667336